Giáo trình thị trường chứng khoán
Sách gồm 10 chương, cung cấp cho sinh viên các chuyên ngành kinh tế tại các trường đại học và cao đẳng có kiến thức về thị trường tài chính nói chung và thị trường chứng khoán nói riêng.
Đã lưu trong:
| 主要作者: | |
|---|---|
| 格式: | 图书 |
| 语言: | Undetermined |
| 出版: |
Hà Nội
Hồng Đức
2012
|
| 主题: | |
| 标签: |
添加标签
没有标签, 成为第一个标记此记录!
|
| Thư viện lưu trữ: | Trung tâm Học liệu Trường Đại học Cần Thơ |
|---|
| LEADER | 00970nam a2200217Ia 4500 | ||
|---|---|---|---|
| 001 | CTU_179871 | ||
| 008 | 210402s9999 xx 000 0 und d | ||
| 020 | |c 60000 | ||
| 082 | |a 332.64 | ||
| 082 | |b D513 | ||
| 100 | |a Nguyễn, Thị Mỹ Dung | ||
| 245 | 0 | |a Giáo trình thị trường chứng khoán | |
| 245 | 0 | |c Nguyễn Thị Mỹ Dung (Chủ biên) | |
| 260 | |a Hà Nội | ||
| 260 | |b Hồng Đức | ||
| 260 | |c 2012 | ||
| 520 | |a Sách gồm 10 chương, cung cấp cho sinh viên các chuyên ngành kinh tế tại các trường đại học và cao đẳng có kiến thức về thị trường tài chính nói chung và thị trường chứng khoán nói riêng. | ||
| 650 | |a Securities,Chứng khoán,securities transactions,Giao dịch chứng khoán | ||
| 650 | |z Vietnam,Việt Nam | ||
| 904 | |i Trinh, Ngân | ||
| 980 | |a Trung tâm Học liệu Trường Đại học Cần Thơ | ||